History Quiz

Random History or State Quiz

President, Vice President, Secretary of State Quiz Stats

 Plays Quiz not verified by Sporcle

Also try: World's Fairs
Challenge
Share
Tweet
Embed
Score 0/24 Timer 02:00
0 Plays Today
Name Which office did they hold? % Correct
Jimmy Carter???
81.7%
Abraham Lincoln???
75.6%
Grover Cleveland???
75.6%
William H. Seward???
74.4%
Warren G. Harding???
73.2%
Barack Obama???
73.2%
James A. Garfield???
72%
Hannibal Hamlin???
72%
Benjamin Harrison???
70.7%
Cordell Hull???
70.7%
George Washington???
69.5%
Walter Q. Gresham???
69.5%
Name Which office did they hold? % Correct
Daniel Webster???
69.5%
John Kerry???
69.5%
Elihu Root???
69.5%
Elbridge Gerry???
69.5%
Edward Everett???
68.3%
Spiro T. Agnew???
68.3%
Dan Quayle???
67.1%
Henry Wilson???
65.9%
Henry Clay???
64.6%
George M. Dallas???
63.4%
Schuyler Colfax???
61%
Levi P. Morton???
57.3%

You're not logged in!

Compare scores with friends on all Sporcle quizzes.
OR
Log In

You Might Also Like...

Show Comments

Extras

Top Quizzes Today


Score Distribution

Your Account Isn't Verified!

In order to create a playlist on Sporcle, you need to verify the email address you used during registration. Go to your Sporcle Settings to finish the process.

Report this User

Report this user for behavior that violates our Community Guidelines.

Details: